<?xml version="1.0" encoding="UTF-8"?>
<collection xmlns="http://www.loc.gov/MARC21/slim">
 <record>
  <leader>05316nas a22005771  4500</leader>
  <controlfield tag="001">1/50157</controlfield>
  <controlfield tag="008">931022c19  9999gr mrzp           g0gre d</controlfield>
  <datafield tag="022" ind1=" " ind2=" ">
   <subfield code="a">1105-5464</subfield>
  </datafield>
  <datafield tag="035" ind1=" " ind2=" ">
   <subfield code="l">22957</subfield>
  </datafield>
  <datafield tag="040" ind1=" " ind2=" ">
   <subfield code="a">GR-PeUP</subfield>
  </datafield>
  <datafield tag="090" ind1=" " ind2=" ">
   <subfield code="a">Αλφαβητική σειρά</subfield>
  </datafield>
  <datafield tag="245" ind1="0" ind2="0">
   <subfield code="a">Computer για όλους</subfield>
  </datafield>
  <datafield tag="260" ind1=" " ind2=" ">
   <subfield code="a">Αθήνα :</subfield>
   <subfield code="b">Compupress A.Ε.,</subfield>
   <subfield code="c">1982-</subfield>
  </datafield>
  <datafield tag="300" ind1=" " ind2=" ">
   <subfield code="a">τ. :</subfield>
   <subfield code="b">εικ. ;</subfield>
   <subfield code="c">29 εκ.</subfield>
  </datafield>
  <datafield tag="310" ind1=" " ind2=" ">
   <subfield code="a">Μηνιαίο</subfield>
  </datafield>
  <datafield tag="362" ind1="0" ind2=" ">
   <subfield code="a">Τχ.43(Ιαν. 1987)-τχ.232(Δεκ. 2003)</subfield>
  </datafield>
  <datafield tag="362" ind1="0" ind2=" ">
   <subfield code="a">Τχ.233(Ιαν. 2004)-</subfield>
  </datafield>
  <datafield tag="535" ind1="0" ind2=" ">
   <subfield code="a">Κλειστό Βιβλιοστάσιο.</subfield>
  </datafield>
  <datafield tag="546" ind1=" " ind2=" ">
   <subfield code="a">Ελληνική</subfield>
  </datafield>
  <datafield tag="650" ind1=" " ind2="4">
   <subfield code="a">Ηλεκτρονικοί υπολογιστές</subfield>
   <subfield code="v">Περιοδικά.</subfield>
  </datafield>
  <datafield tag="852" ind1=" " ind2=" ">
   <subfield code="a">INST</subfield>
   <subfield code="b">UNIPILB</subfield>
   <subfield code="c">SERIALS</subfield>
   <subfield code="e">20041125</subfield>
   <subfield code="h">Αλφαβητική σειρά</subfield>
   <subfield code="p">38018</subfield>
   <subfield code="q">38018</subfield>
   <subfield code="t">NOLOAN</subfield>
   <subfield code="v">τεύχ.233:(Μήνας)Ιανουάριος;(Έτος)2004</subfield>
   <subfield code="y">23</subfield>
  </datafield>
  <datafield tag="852" ind1=" " ind2=" ">
   <subfield code="a">INST</subfield>
   <subfield code="b">UNIPILB</subfield>
   <subfield code="c">SERIALS</subfield>
   <subfield code="e">20041125</subfield>
   <subfield code="h">Αλφαβητική σειρά</subfield>
   <subfield code="p">38019</subfield>
   <subfield code="q">38019</subfield>
   <subfield code="t">NOLOAN</subfield>
   <subfield code="v">τεύχ.234:(Μήνας)Φεβρουάριος;(Έτος)2004</subfield>
   <subfield code="y">23</subfield>
  </datafield>
  <datafield tag="852" ind1=" " ind2=" ">
   <subfield code="a">INST</subfield>
   <subfield code="b">UNIPILB</subfield>
   <subfield code="c">SERIALS</subfield>
   <subfield code="e">20041125</subfield>
   <subfield code="h">Αλφαβητική σειρά</subfield>
   <subfield code="p">38020</subfield>
   <subfield code="q">38020</subfield>
   <subfield code="t">NOLOAN</subfield>
   <subfield code="v">τεύχ.238:(Μήνας)Ιούνιος;(Έτος)2004</subfield>
   <subfield code="y">23</subfield>
  </datafield>
  <datafield tag="852" ind1=" " ind2=" ">
   <subfield code="a">INST</subfield>
   <subfield code="b">UNIPILB</subfield>
   <subfield code="c">SERIALS</subfield>
   <subfield code="e">20041125</subfield>
   <subfield code="h">Αλφαβητική σειρά</subfield>
   <subfield code="p">38021</subfield>
   <subfield code="q">38021</subfield>
   <subfield code="t">NOLOAN</subfield>
   <subfield code="v">τεύχ.239:(Μήνας)Ιούλιος;(Έτος)2004</subfield>
   <subfield code="y">23</subfield>
  </datafield>
  <datafield tag="852" ind1=" " ind2=" ">
   <subfield code="a">INST</subfield>
   <subfield code="b">UNIPILB</subfield>
   <subfield code="c">SERIALS</subfield>
   <subfield code="e">20041125</subfield>
   <subfield code="h">Αλφαβητική σειρά</subfield>
   <subfield code="p">38022</subfield>
   <subfield code="q">38022</subfield>
   <subfield code="t">NOLOAN</subfield>
   <subfield code="v">τεύχ.240:(Μήνας)Αύγουστος;(Έτος)2004</subfield>
   <subfield code="y">23</subfield>
  </datafield>
  <datafield tag="852" ind1=" " ind2=" ">
   <subfield code="a">INST</subfield>
   <subfield code="b">UNIPILB</subfield>
   <subfield code="c">SERIALS</subfield>
   <subfield code="e">20041125</subfield>
   <subfield code="h">Αλφαβητική σειρά</subfield>
   <subfield code="p">38023</subfield>
   <subfield code="q">38023</subfield>
   <subfield code="t">NOLOAN</subfield>
   <subfield code="v">τεύχ.241:(Μήνας)Σεπτέμβριος;(Έτος)2004</subfield>
   <subfield code="y">23</subfield>
  </datafield>
  <datafield tag="852" ind1=" " ind2=" ">
   <subfield code="a">INST</subfield>
   <subfield code="b">UNIPILB</subfield>
   <subfield code="c">SERIALS</subfield>
   <subfield code="e">20041125</subfield>
   <subfield code="h">Αλφαβητική σειρά</subfield>
   <subfield code="p">38024</subfield>
   <subfield code="q">38024</subfield>
   <subfield code="t">NOLOAN</subfield>
   <subfield code="v">τεύχ.242:(Μήνας)Οκτώβριος;(Έτος)2004</subfield>
   <subfield code="y">23</subfield>
  </datafield>
  <datafield tag="852" ind1=" " ind2=" ">
   <subfield code="a">INST</subfield>
   <subfield code="b">UNIPILB</subfield>
   <subfield code="c">SERIALS</subfield>
   <subfield code="e">20041125</subfield>
   <subfield code="h">Αλφαβητική σειρά</subfield>
   <subfield code="p">38025</subfield>
   <subfield code="q">38025</subfield>
   <subfield code="t">NOLOAN</subfield>
   <subfield code="v">τεύχ.243:(Μήνας)Νοέμβριος;(Έτος)2004</subfield>
   <subfield code="y">23</subfield>
  </datafield>
  <datafield tag="852" ind1=" " ind2=" ">
   <subfield code="a">INST</subfield>
   <subfield code="b">UNIPILB</subfield>
   <subfield code="c">SERIALS</subfield>
   <subfield code="e">20041125</subfield>
   <subfield code="h">Αλφαβητική σειρά</subfield>
   <subfield code="p">38026</subfield>
   <subfield code="q">38026</subfield>
   <subfield code="t">NOLOAN</subfield>
   <subfield code="v">τεύχ.244:(Μήνας)Δεκέμβριος;(Έτος)2004</subfield>
   <subfield code="y">23</subfield>
  </datafield>
  <datafield tag="852" ind1=" " ind2=" ">
   <subfield code="a">INST</subfield>
   <subfield code="b">UNIPILB</subfield>
   <subfield code="c">SERIALS</subfield>
   <subfield code="e">20050111</subfield>
   <subfield code="h">Αλφαβητική σειρά</subfield>
   <subfield code="p">38698</subfield>
   <subfield code="q">38698</subfield>
   <subfield code="t">NOLOAN</subfield>
   <subfield code="v">τεύχ.245:(Μήνας)Ιανουάριος;(Έτος)2005</subfield>
   <subfield code="y">23</subfield>
  </datafield>
  <datafield tag="852" ind1=" " ind2=" ">
   <subfield code="a">INST</subfield>
   <subfield code="b">UNIPILB</subfield>
   <subfield code="c">SERIALS</subfield>
   <subfield code="e">20050228</subfield>
   <subfield code="h">Αλφαβητική σειρά</subfield>
   <subfield code="p">40593</subfield>
   <subfield code="q">40593</subfield>
   <subfield code="t">NOLOAN</subfield>
   <subfield code="v">τεύχ.235:(Μήνας)Μάρτιος;(Έτος)2004</subfield>
   <subfield code="y">23</subfield>
  </datafield>
  <datafield tag="852" ind1=" " ind2=" ">
   <subfield code="a">INST</subfield>
   <subfield code="b">UNIPILB</subfield>
   <subfield code="c">SERIALS</subfield>
   <subfield code="e">20050228</subfield>
   <subfield code="h">Αλφαβητική σειρά</subfield>
   <subfield code="p">40594</subfield>
   <subfield code="q">40594</subfield>
   <subfield code="t">NOLOAN</subfield>
   <subfield code="v">τεύχ.236:(Μήνας)Απρίλιος;(Έτος)2004</subfield>
   <subfield code="y">23</subfield>
  </datafield>
  <datafield tag="852" ind1=" " ind2=" ">
   <subfield code="a">INST</subfield>
   <subfield code="b">UNIPILB</subfield>
   <subfield code="c">SERIALS</subfield>
   <subfield code="e">20050228</subfield>
   <subfield code="h">Αλφαβητική σειρά</subfield>
   <subfield code="p">40595</subfield>
   <subfield code="q">40595</subfield>
   <subfield code="t">NOLOAN</subfield>
   <subfield code="v">τεύχ.237:(Μήνας)Μάιος;(Έτος)2004</subfield>
   <subfield code="y">23</subfield>
  </datafield>
  <datafield tag="852" ind1=" " ind2=" ">
   <subfield code="a">INST</subfield>
   <subfield code="b">UNIPILB</subfield>
   <subfield code="c">SERIALS</subfield>
   <subfield code="e">20050422</subfield>
   <subfield code="h">Αλφαβητική σειρά</subfield>
   <subfield code="p">42737</subfield>
   <subfield code="q">42737</subfield>
   <subfield code="t">NOLOAN</subfield>
   <subfield code="v">τεύχ.249:(Μήνας)Μάιος;(Έτος)2005</subfield>
   <subfield code="y">23</subfield>
  </datafield>
  <datafield tag="852" ind1=" " ind2=" ">
   <subfield code="a">INST</subfield>
   <subfield code="b">UNIPILB</subfield>
   <subfield code="c">SERIALS</subfield>
   <subfield code="e">20050425</subfield>
   <subfield code="h">Αλφαβητική σειρά</subfield>
   <subfield code="p">42755</subfield>
   <subfield code="q">42755</subfield>
   <subfield code="t">NOLOAN</subfield>
   <subfield code="v">τεύχ.248:(Μήνας)Απρίλιος;(Έτος)2005</subfield>
   <subfield code="y">23</subfield>
  </datafield>
  <datafield tag="852" ind1=" " ind2=" ">
   <subfield code="a">INST</subfield>
   <subfield code="b">UNIPILB</subfield>
   <subfield code="c">SERIALS</subfield>
   <subfield code="e">20050519</subfield>
   <subfield code="h">Αλφαβητική σειρά</subfield>
   <subfield code="p">43319</subfield>
   <subfield code="q">43319</subfield>
   <subfield code="t">NOLOAN</subfield>
   <subfield code="v">τεύχ.250:(Μήνας)Ιούνιος;(Έτος)2005</subfield>
   <subfield code="y">23</subfield>
  </datafield>
  <datafield tag="852" ind1=" " ind2=" ">
   <subfield code="a">INST</subfield>
   <subfield code="b">UNIPILB</subfield>
   <subfield code="c">SERIALS</subfield>
   <subfield code="e">20050523</subfield>
   <subfield code="h">Αλφαβητική σειρά</subfield>
   <subfield code="p">43451</subfield>
   <subfield code="q">43451</subfield>
   <subfield code="t">NOLOAN</subfield>
   <subfield code="v">τεύχ.246:(Μήνας)Φεβρουάριος;(Έτος)2005</subfield>
   <subfield code="y">23</subfield>
  </datafield>
  <datafield tag="852" ind1=" " ind2=" ">
   <subfield code="a">INST</subfield>
   <subfield code="b">UNIPILB</subfield>
   <subfield code="c">SERIALS</subfield>
   <subfield code="e">20050523</subfield>
   <subfield code="h">Αλφαβητική σειρά</subfield>
   <subfield code="p">43452</subfield>
   <subfield code="q">43452</subfield>
   <subfield code="t">NOLOAN</subfield>
   <subfield code="v">τεύχ.247:(Μήνας)Μάρτιος;(Έτος)2005</subfield>
   <subfield code="y">23</subfield>
  </datafield>
  <datafield tag="852" ind1=" " ind2=" ">
   <subfield code="a">INST</subfield>
   <subfield code="b">UNIPILB</subfield>
   <subfield code="c">SERIALS</subfield>
   <subfield code="e">20050617</subfield>
   <subfield code="h">Αλφαβητική σειρά</subfield>
   <subfield code="p">44014</subfield>
   <subfield code="q">44014</subfield>
   <subfield code="t">NOLOAN</subfield>
   <subfield code="v">τεύχ.251:(Μήνας)Ιούλιος;(Έτος)2005</subfield>
   <subfield code="y">23</subfield>
  </datafield>
  <datafield tag="852" ind1=" " ind2=" ">
   <subfield code="a">INST</subfield>
   <subfield code="b">UNIPILB</subfield>
   <subfield code="c">SERIALS</subfield>
   <subfield code="e">20050818</subfield>
   <subfield code="h">Αλφαβητική σειρά</subfield>
   <subfield code="p">45292</subfield>
   <subfield code="q">45292</subfield>
   <subfield code="t">NOLOAN</subfield>
   <subfield code="v">τεύχ.252:(Μήνας)Αύγουστος;(Έτος)2005</subfield>
   <subfield code="y">23</subfield>
  </datafield>
  <datafield tag="852" ind1=" " ind2=" ">
   <subfield code="a">INST</subfield>
   <subfield code="b">UNIPILB</subfield>
   <subfield code="c">SERIALS</subfield>
   <subfield code="e">20050830</subfield>
   <subfield code="h">Αλφαβητική σειρά</subfield>
   <subfield code="p">45742</subfield>
   <subfield code="q">45742</subfield>
   <subfield code="t">NOLOAN</subfield>
   <subfield code="v">τεύχ.253:(Μήνας)Σεπτέμβριος;(Έτος)2005</subfield>
   <subfield code="y">23</subfield>
  </datafield>
  <datafield tag="852" ind1=" " ind2=" ">
   <subfield code="a">INST</subfield>
   <subfield code="b">UNIPILB</subfield>
   <subfield code="c">SERIALS</subfield>
   <subfield code="e">20050921</subfield>
   <subfield code="h">Αλφαβητική σειρά</subfield>
   <subfield code="p">47001</subfield>
   <subfield code="q">47001</subfield>
   <subfield code="t">NOLOAN</subfield>
   <subfield code="v">τεύχ.254:(Μήνας)Οκτώβριος;(Έτος)2005</subfield>
   <subfield code="y">23</subfield>
  </datafield>
  <datafield tag="852" ind1=" " ind2=" ">
   <subfield code="a">INST</subfield>
   <subfield code="b">UNIPILB</subfield>
   <subfield code="c">SERIALS</subfield>
   <subfield code="e">20051020</subfield>
   <subfield code="h">Αλφαβητική σειρά</subfield>
   <subfield code="p">47822</subfield>
   <subfield code="q">47822</subfield>
   <subfield code="t">NOLOAN</subfield>
   <subfield code="v">τεύχ.255:(Μήνας)Νοέμβριος;(Έτος)2005</subfield>
   <subfield code="y">23</subfield>
  </datafield>
  <datafield tag="852" ind1=" " ind2=" ">
   <subfield code="a">INST</subfield>
   <subfield code="b">UNIPILB</subfield>
   <subfield code="c">SERIALS</subfield>
   <subfield code="e">20051121</subfield>
   <subfield code="h">Αλφαβητική σειρά</subfield>
   <subfield code="p">48619</subfield>
   <subfield code="q">48619</subfield>
   <subfield code="t">NOLOAN</subfield>
   <subfield code="v">τεύχ.256:(Μήνας)Δεκέμβριος;(Έτος)2005</subfield>
   <subfield code="y">23</subfield>
  </datafield>
  <datafield tag="852" ind1=" " ind2=" ">
   <subfield code="a">INST</subfield>
   <subfield code="b">UNIPILB</subfield>
   <subfield code="c">SERIALS</subfield>
   <subfield code="e">20060110</subfield>
   <subfield code="h">Αλφαβητική σειρά</subfield>
   <subfield code="p">49341</subfield>
   <subfield code="q">49341</subfield>
   <subfield code="t">NOLOAN</subfield>
   <subfield code="v">τεύχ.257:(Μήνας)Ιανουάριος;(Έτος)2006</subfield>
   <subfield code="y">23</subfield>
  </datafield>
  <datafield tag="856" ind1="4" ind2="1">
   <subfield code="u">http://www.cgomag.gr</subfield>
  </datafield>
  <datafield tag="900" ind1=" " ind2=" ">
   <subfield code="a">Τχ. 258 (Φεβρουάριος 2006)</subfield>
   <subfield code="b">Οφειλόμενο</subfield>
   <subfield code="c">02/07/2006</subfield>
  </datafield>
  <datafield tag="950" ind1=" " ind2=" ">
   <subfield code="a">01/01/2004</subfield>
   <subfield code="c">COMPUPRESS</subfield>
   <subfield code="d">103</subfield>
  </datafield>
  <datafield tag="951" ind1=" " ind2=" ">
   <subfield code="a">Τχ. 233 (Ιανουάριος 2004) - Τχ. 257 (Ιανουάριος 2006)</subfield>
   <subfield code="b">Main run</subfield>
  </datafield>
  <datafield tag="951" ind1=" " ind2=" ">
   <subfield code="a">Τχ.43(Ιαν. 1987) -  (τχ.232(Δεκ. 2003)</subfield>
   <subfield code="b">Main run</subfield>
  </datafield>
  <datafield tag="952" ind1=" " ind2=" ">
   <subfield code="a">(101, 102, 104, 105, 107)1992-(118, 119)1993-(Ιουλ./Αυγ.)1994,(203)2001</subfield>
  </datafield>
 </record>
</collection>
